000
00312nam a22001337a 4500
008
170615b xxu||||| |||| 00| 0 eng d
020
_a
2900875814116
041
_a
eng
080
_a
32
100
_a
19
101
_a
SHP
245
_a
SOCIAL WELFARE POLICY, PROGRAMS AND PRACTICE
_c
SEGAL,E.A
942
_2
udc
_c
BK
999
_c
17494
_d
17494